| 000 | 00379nam a22001337a 4500 | ||
|---|---|---|---|
| 020 | _qHB. | ||
| 040 | _cFIZZA ISHAQ | ||
| 082 |
_a808.8 _bLIT |
||
| 100 |
_a LITTEL , MCDOUGAL. _9133815 |
||
| 245 |
_aThe Language of Literature: British Literature / _cMCDOUGAL LITTEL. |
||
| 260 |
_aNew York: _bMCDOUGAL LITTEL, _c2006. |
||
| 300 |
_a1544 P. ; _c8 x 2 x 10 inches |
||
| 942 |
_2ddc _cBK |
||
| 999 |
_c616783 _d616783 |
||